| 000 | 00532nam a22001817a 4500 | ||
|---|---|---|---|
| 005 | 20251108163334.0 | ||
| 008 | 250721s1998 xx 000 0 ara d | ||
| 082 | 1 | 4 | _a001.43/نعم |
| 100 | 1 | _aنعمان، منصور | |
| 245 | 1 | 0 | _aالبحث العلمي حرفة و فن / |
| 264 | 1 |
_aاربد : _bدار الكندي للنشر والتوزيع، _c1998. |
|
| 300 | _a90ص. | ||
| 650 | 1 | 7 | _aالأبحاث |
| 650 | 1 | 7 | _aأساليب البحث |
| 700 | 1 | _aالنمري، غسان ذيب | |
| 942 |
_2ddc _cBK |
||
| 999 |
_c185 _d185 |
||